Представление документа в формате MARC21

Поле Инд. ПП Название Значение
Тип записи a
Библиографический уровень m
001 Контрольный номер e033ae34-e313-400d-889e-4e13b57c8589
005 Дата корректировки 20131111200302.9
008 Кодируемые данные 990519 d
020 c Цена, тираж 14.63
040 a Служба первич. каталог. НБ ТвГУ
041 a Код языка текста rus
080 a Индекс УДК 159.9
084 a Индекс другой классификации/Индекс ББК Ю945
a Индекс другой классификации/Индекс ББК Ю936.1
090 c Каталожный индекс Ю945 + Ю936.1
x Авторский знак Б59
a Полочн. индекс 1М7.3
100 1_ a Автор Библер Владимир Соломонович
245 0_ a Заглавие Мышление как творчество
b Продолж. заглавия (Введ. в логику мысл. диалога)
c Ответственность В.С. Библер
260 0_ a Место издания Москва
b Издательство Политиздат
c Дата издания 1975
300 a Объем 398,[1] с.
440 a Серия Над чем работают, о чем спорят философы
583 a Действие Приписка 296 05.05.99
k Исполнитель действия Дар Ларина А.М.
650 a Основная рубрика Мышление
650 a Основная рубрика Деятельность
x Основная подрубрика Психология
650 a Основная рубрика Творчество
650 a Основная рубрика Научное творчество
653 a Ключевые слова Мышление
a Ключевые слова Психология творчества
a Ключевые слова Психология деятельности
a Ключевые слова Психология научной деятельности
a Ключевые слова Деятельность
a Ключевые слова Творчество
a Ключевые слова Научное творчество
a Ключевые слова Научная деятельность
a Ключевые слова Научно-техническая деятельность
852 t Порядковый номер экземпляра 1
p Инвентарный номер 709548 14.63
888 a Бесплатные
952 p 296.99 14.63 1 709548
c Вид литературы К рн
954 a Дата поступления на обработку 19990507
999 a Подразделение 2 Фил1